Gaming Quiz

Random Gaming or Video Games Quiz

Super Smash Bros. Melee Characters Quiz Stats

Quiz Updated Apr 11, 2016

Challenge
Share
Tweet
Score 0/25 Timer 02:00
2 Plays Today
% Correct
Mario
97%
Luigi
96%
Link
93.9%
Pikachu
93.7%
Peach
93.5%
Yoshi
91.2%
Donkey Kong
90.1%
Kirby
89.7%
Bowser
89.5%
Zelda
87.2%
Dr. Mario
87.1%
Mewtwo
84.8%
Jigglypuff
84.8%
% Correct
Fox
81%
Samus
78.7%
Falco
78.7%
Pichu
78.4%
Captain Falcon
77.3%
Young Link
76.2%
Ness
74.4%
Ice Climbers
71.9%
Mr. Game & Watch
68.8%
Ganondorf
68.7%
Marth
68.6%
Roy
59.7%

You're not logged in!

Compare scores with friends on all Sporcle quizzes.
Join for Free
OR
Log In

You Might Also Like...

Show Comments

Extras

Top Quizzes Today


Score Distribution

Your Account Isn't Verified!

In order to create a playlist on Sporcle, you need to verify the email address you used during registration. Go to your Sporcle Settings to finish the process.

Report this User

Report this user for behavior that violates our Community Guidelines.

Details: